000 01017nam0a22002531 4500
001 rc\1121241
005 20260407103517.0
035 _a(NLR Aleph) 006364220
090 _a4934248
_c4934248
100 _a20041126d1981 |||y0rusy50 ca
101 0 _arus
102 _aRU
105 _aa |||||||||
200 1 _aИсследование процессов переноса в дисперсных системах
_eСб. науч. тр.
_fАН БССР, Ин-т тепло- и массообмена им. А.В. Лыкова
_g[Редкол.: Н.В. Антонишин и др.]
210 _aМинск
_cИТМО
_d1981
215 _a194 с.
_cил.
_d20
320 _aБиблиогр. в конце работ
702 1 _aАнтонишин
_bН.В.
_4340
712 0 2 _aИнститут тепло- и массообмена им. А. В. Лыкова
_cМинск
_3RU\NLR\AUTH\889932471
_9360232
801 0 _aRU
_bNLR
_gpsbo
801 1 _aRU
_bELAR
_2rusmarc
852 _aNLR
_j82-3/4549
942 _cBOOK
980 _aNB